[Event "St Petersburg-ch qf Seniors 80th"]
[Site "St Petersburg"]
[Date "2006.12.09"]
[Round "7"]
[White "Bogachkin, Yuri"]
[Black "Fedorov, Sergey"]
[Result "1/2-1/2"]
[WhiteElo "2126"]
[BlackElo "2231"]
[PlyCount "86"]
[EventDate "2006.11.23"]
[EventType "swiss"]
[EventRounds "10"]
[EventCountry "RUS"]
[SourceTitle "EXT 2019"]
[Source "ChessBase"]
[SourceDate "2018.10.10"]
[SourceVersion "1"]
[SourceVersionDate "2018.10.10"]
[SourceQuality "1"]

1. e4 c5 2. Nf3 g6 3. d4 cxd4 4. Nxd4 Bg7 5. Be3 Nc6 6. c3 d6 7. Nd2 a6 8. g3 Bd7 9. N2b3 b5 10. Bg2 Rc8 11. 0-0 Ne5 12. Bc1 Qb6 13. Nc2 Bg4 14. Qe1 Nd3 15. Qd2 Nxc1 16. Qxc1 Be2 17. Re1 Bh6 18. Ne3 Bxe3 19. fxe3 Bc4 20. Qd2 Nf6 21. Nd4 e5 22. Nc2 0-0 23. b3 Be6 24. Nb4 Qc5 25. Rac1 a5 26. Nd5 Bxd5 27. exd5 e4 28. c4 bxc4 29. Rxc4 Qxd5 30. Rd4 Qa8 31. Rxd6 Rfd8 32. Rf1 Ng4 33. Bh3 h5 34. Bxg4 hxg4 35. Rd7 f5 36. Rd1 Rxd7 37. Qxd7 Qc6 38. Qd2 Qc2 39. Qd5+ Kh7 40. Rd2 Qc1+ 41. Kf2 Rc2 42. Qf7+ Kh6 43. Qf8+ Kh7 1/2-1/2

[Event "St Petersburg-ch qf Seniors 80th"]
[Site "St Petersburg"]
[Date "2006.12.07"]
[Round "6"]
[White "Listmangof, Mikhail"]
[Black "Bogachkin, Yuri"]
[Result "1/2-1/2"]
[WhiteElo "2007"]
[BlackElo "2126"]
[PlyCount "59"]
[EventDate "2006.11.23"]
[EventType "swiss"]
[EventRounds "10"]
[EventCountry "RUS"]
[SourceTitle "EXT 2019"]
[Source "ChessBase"]
[SourceDate "2018.10.10"]
[SourceVersion "1"]
[SourceVersionDate "2018.10.10"]
[SourceQuality "1"]

1. e4 c5 2. Nf3 d6 3. d4 cxd4 4. Nxd4 Nf6 5. Nc3 a6 6. Bc4 e6 7. Bb3 Nc6 8. Be3 Na5 9. f4 Qc7 10. Qf3 Nxb3 11. axb3 Rb8 12. g4 b5 13. g5 Nd7 14. Rc1 Bb7 15. 0-0 b4 16. Nce2 Nc5 17. Ng3 g6 18. Bf2 h5 19. h4 Bg7 20. c3 a5 21. cxb4 axb4 22. Nb5 Qd7 23. Nxd6+ Qxd6 24. Bxc5 Bd4+ 25. Bxd4 Qxd4+ 26. Qf2 Qd3 27. Kh2 0-0 28. Qc2 Qe3 29. Rce1 Qb6 30. Rf2 1/2-1/2

[Event "St Petersburg-ch qf Seniors 80th"]
[Site "St Petersburg"]
[Date "2006.12.06"]
[Round "5"]
[White "Bogachkin, Yuri"]
[Black "Krasnov, Vasiliy G"]
[Result "1/2-1/2"]
[WhiteElo "2126"]
[BlackElo "2172"]
[PlyCount "130"]
[EventDate "2006.11.23"]
[EventType "swiss"]
[EventRounds "10"]
[EventCountry "RUS"]
[SourceTitle "EXT 2019"]
[Source "ChessBase"]
[SourceDate "2018.10.10"]
[SourceVersion "1"]
[SourceVersionDate "2018.10.10"]
[SourceQuality "1"]

1. e4 c5 2. Nf3 e6 3. d4 cxd4 4. Nxd4 Nf6 5. Bd3 a6 6. 0-0 d6 7. Be3 Nbd7 8. Nb3 b5 9. N1d2 Bb7 10. f4 h5 11. Kh1 Ng4 12. Bg1 g5 13. f5 Nde5 14. Nd4 Qd7 15. N2f3 Be7 16. Qd2 Rg8 17. c3 Nxd3 18. Qxd3 e5 19. Nb3 a5 20. Rad1 Nf6 21. Qe3 Qc6 22. Nfd2 a4 23. Nc1 Nxe4 24. Nxe4 Qxe4 25. Qxe4 Bxe4 26. f6 Bf8 27. Rfe1 Bb7 28. Nd3 0-0-0 29. Nb4 Rg6 30. Nd5 Re8 31. Be3 Kd7 32. Kg1 Bxd5 33. Rxd5 Kc6 34. Red1 Re6 35. b3 axb3 36. axb3 Rexf6 37. c4 bxc4 38. bxc4 Re6 39. Ra1 Re7 40. Ra8 Bh6 41. Ra6+ Kd7 42. c5 Ke6 43. Rdxd6+ Kf5 44. Rxg6 fxg6 45. Kf2 Rc7 46. Ke2 Bf8 47. c6 Ke6 48. Bxg5 Kd5 49. Bf6 Bc5 50. h3 e4 51. Bd8 Rxc6 52. Rxc6 Kxc6 53. Bg5 Kd5 54. Bf4 Ke6 55. g4 Kf6 56. gxh5 gxh5 57. Bh6 Kf5 58. Bc1 Bd6 59. Bd2 Bf4 60. Ba5 Bh6 61. Bc7 Bf4 62. Bd8 Bd6 63. Ke3 Bc5+ 64. Ke2 Kf4 65. Bc7+ Kf5 1/2-1/2